Un reino de las horas / (Record no. 1108)

MARC details
000 -LEADER
campo de control de longitud fija 01552nam a22004217a 4500
008 - DATOS DE LONGITUD FIJA--INFORMACIÓN GENERAL
campo de control de longitud fija 161203s2016 cr||||| |||| 00| 0 spa d
082 04 - NÚMERO DE LA CLASIFICACIÓN DECIMAL DEWEY
Número de clasificación 708
Número de ítem U541u
100 1# - ENTRADA PRINCIPAL--NOMBRE DE PERSONA
Nombre de persona Ahwesh, Peggy.
9 (RLIN) 5664
245 13 - MENCIÓN DEL TÍTULO
Título Un reino de las horas /
Mención de responsabilidad, etc. Peggy Ahwesh...[et. al.] ; curaduría por Robert Leckie y Miguel A. López ; traducción por María Paola Malavasi ; Gasworks ; TEOR/ética.
250 ## - MENCION DE EDICION
Mención de edición 1a ed.
260 ## - PUBLICACIÓN, DISTRIBUCIÓN, ETC.
Lugar de publicación, distribución, etc. San José, Costa Rica :
Nombre del editor, distribuidor, etc. TEOR/ética,
Fecha de publicación, distribución, etc. 2016.
300 ## - DESCRIPCIÓN FÍSICA
Extensión 6 p.
Otras características físicas il. col.
500 ## - NOTA GENERAL
Nota general Catálogo publicado con motivo a la exposición "Un reino de las horas", presentada del 19 de octubre del 2016 al 25 de febrero del 2017, en TEOR/ética.
653 10 - TÉRMINO DE INDIZACIÓN--NO CONTROLADO
Término no controlado Arte contemporáneo
653 10 - TÉRMINO DE INDIZACIÓN--NO CONTROLADO
Término no controlado Catálogo de exhibición
653 10 - TÉRMINO DE INDIZACIÓN--NO CONTROLADO
Término no controlado Exhibiciones
653 10 - TÉRMINO DE INDIZACIÓN--NO CONTROLADO
Término no controlado Arte - Costa Rica
653 10 - TÉRMINO DE INDIZACIÓN--NO CONTROLADO
Término no controlado Arte Latinoamericano
653 10 - TÉRMINO DE INDIZACIÓN--NO CONTROLADO
Término no controlado Instalaciones
700 1# - ENTRADA AGREGADA--NOMBRE PERSONAL
Nombre de persona Chavajay, Benvenuto.
9 (RLIN) 3150
700 1# - ENTRADA AGREGADA--NOMBRE PERSONAL
Nombre de persona Díaz, Wilson.
9 (RLIN) 5665
700 1# - ENTRADA AGREGADA--NOMBRE PERSONAL
Nombre de persona Iraheta, Walterio.
9 (RLIN) 3991
700 1# - ENTRADA AGREGADA--NOMBRE PERSONAL
Nombre de persona Jones, William E.
9 (RLIN) 5666
700 1# - ENTRADA AGREGADA--NOMBRE PERSONAL
Nombre de persona Lemebel, Pedro.
9 (RLIN) 5667
700 1# - ENTRADA AGREGADA--NOMBRE PERSONAL
Nombre de persona Lin, Candince.
9 (RLIN) 5668
700 1# - ENTRADA AGREGADA--NOMBRE PERSONAL
Nombre de persona Staff, Patrick.
9 (RLIN) 5669
700 1# - ENTRADA AGREGADA--NOMBRE PERSONAL
Nombre de persona Meineche Hansen, Sidsel.
9 (RLIN) 5670
700 1# - ENTRADA AGREGADA--NOMBRE PERSONAL
Nombre de persona Monge, Priscilla.
9 (RLIN) 5671
700 1# - ENTRADA AGREGADA--NOMBRE PERSONAL
Nombre de persona Pereira Paz, Andrés.
9 (RLIN) 5672
700 1# - ENTRADA AGREGADA--NOMBRE PERSONAL
Nombre de persona Prieto, Emilia.
9 (RLIN) 5673
700 1# - ENTRADA AGREGADA--NOMBRE PERSONAL
Nombre de persona Robinson, Marton.
9 (RLIN) 5643
700 1# - ENTRADA AGREGADA--NOMBRE PERSONAL
Nombre de persona Vicuña, Cecilia.
9 (RLIN) 5477
700 1# - ENTRADA AGREGADA--NOMBRE PERSONAL
Nombre de persona Yanov, Osías.
9 (RLIN) 5674
700 1# - ENTRADA AGREGADA--NOMBRE PERSONAL
Nombre de persona Leckie, Robert.
9 (RLIN) 5675
700 1# - ENTRADA AGREGADA--NOMBRE PERSONAL
Nombre de persona López, Miguel A.
9 (RLIN) 5676
710 1# - ENTRADA AGREGADA--NOMBRE DE ENTIDAD CORPORATIVA
Nombre de entidad corporativa o nombre de jurisdicción como elemento de entrada Gasworks.
9 (RLIN) 5677
710 1# - ENTRADA AGREGADA--NOMBRE DE ENTIDAD CORPORATIVA
Nombre de entidad corporativa o nombre de jurisdicción como elemento de entrada TEOR/ética.
9 (RLIN) 5471
Holdings
Estatus retirado Estado de pérdida Fuente del sistema de clasificación o colocación Estado de daño No para préstamo Biblioteca de origen Biblioteca actual Ubicación en estantería Fecha de adquisición Total de préstamos Signatura topográfica completa Código de barras Visto por última vez Precio de reemplazo Tipo de ítem Koha
    Clasificación Decimal Dewey     Biblioteca LadoV Biblioteca LadoV   03/12/2016   708 U541u 004304 03/12/2016 03/12/2016 Material 01